| 000 | 00515nam a2200217Ia 4500 | ||
|---|---|---|---|
| 003 | 0100 | ||
| 008 | 130307s9999 xx 000 0 und d | ||
| 040 | _cARRUPELIB | ||
| 050 | _aB1247.M57 2000 | ||
| 100 | _aMissner, Marshall | ||
| 245 | _aOn Hobbes | ||
| 260 | _aAustralia | ||
| 260 | _bWadsworth | ||
| 260 | _c2000 | ||
| 300 | _a86p. | ||
| 300 | _b21cm. | ||
| 440 | _aWadsworth philosophers series | ||
| 650 | _bMendel, Gregor, 1822-1884 | ||
| 650 | _cGeneticists - Austria - Biography | ||
| 942 | 0 | 0 | _01 |
| 999 |
_c94001 _d94001 |
||